Life and health insurance / (Record no. 205233)

MARC details
000 -LEADER
fixed length control field 00800nam a2200241Ia 4500
005 - DATE AND TIME OF LATEST TRANSACTION
control field 20230831114022.0
008 - FIXED-LENGTH DATA ELEMENTS--GENERAL INFORMATION
fixed length control field 210716s2008 xx 000 0 und d
020 ## - INTERNATIONAL STANDARD BOOK NUMBER
International Standard Book Number 9788131701782
040 ## - CATALOGING SOURCE
Transcribing agency AIMIT LIBRARY
041 ## - LANGUAGE CODE
Language code of text/sound track or separate title eng
082 ## - DEWEY DECIMAL CLASSIFICATION NUMBER
Classification number 368.3
Edition number 13
Item number BLAK
100 ## - MAIN ENTRY--PERSONAL NAME
Personal name Black, Kenneth.
9 (RLIN) 131902
245 ## - TITLE STATEMENT
Title Life and health insurance /
Statement of responsibility, etc. By Kenneth Black and Harold D Skipper.
250 ## - EDITION STATEMENT
Edition statement 13th ed.
260 ## - PUBLICATION, DISTRIBUTION, ETC.
Place of publication, distribution, etc. New Delhi :
Name of publisher, distributor, etc. Pearson Education ,
Date of publication, distribution, etc. 2008.
300 ## - PHYSICAL DESCRIPTION
Extent 1060p. ;
Other physical details PB
Dimensions 23.5 cm
650 ## - SUBJECT ADDED ENTRY--TOPICAL TERM
Topical term or geographic name entry element Insurance(368)
9 (RLIN) 131903
651 ## - SUBJECT ADDED ENTRY--GEOGRAPHIC NAME
Geographic name Life and health insurance evaluation
9 (RLIN) 131904
651 ## - SUBJECT ADDED ENTRY--GEOGRAPHIC NAME
Geographic name Government and employee benefit plans
9 (RLIN) 131905
651 ## - SUBJECT ADDED ENTRY--GEOGRAPHIC NAME
Geographic name Financial management and reporting
9 (RLIN) 131906
700 ## - ADDED ENTRY--PERSONAL NAME
Personal name Skipper, Harold D.
9 (RLIN) 131907
942 ## - ADDED ENTRY ELEMENTS (KOHA)
Source of classification or shelving scheme Dewey Decimal Classification
Koha item type Book
Edition 13th
Call number prefix 368.3 BLAK
Holdings
Withdrawn status Lost status Source of classification or shelving scheme Damaged status Not for loan Collection code Home library Current library Date acquired Cost, normal purchase price Inventory number Total Checkouts Full call number Barcode Date last seen Cost, replacement price Price effective from Koha item type
    Dewey Decimal Classification     MBA St Aloysius Institute of Management & Information Technology St Aloysius Institute of Management & Information Technology 03/26/2010 640.00 Bill no:357; Bill dt:2010-03-22   368.3BLAK MBA07799 05/23/2026 512.00 07/16/2021 Book
    Dewey Decimal Classification     MBA St Aloysius Institute of Management & Information Technology St Aloysius Institute of Management & Information Technology 03/26/2010 640.00 Bill no:357; Bill dt:2010-03-22   368.3BLAK MBA07800 05/23/2026 512.00 07/16/2021 Book
    Dewey Decimal Classification     MBA St Aloysius Institute of Management & Information Technology St Aloysius Institute of Management & Information Technology 03/26/2010 640.00 Bill no:357; Bill dt:2010-03-22   368.3BLAK MBA07801 05/23/2026 512.00 07/16/2021 Book
    Dewey Decimal Classification     MBA St Aloysius Institute of Management & Information Technology St Aloysius Institute of Management & Information Technology 03/26/2010 640.00 Bill no:357; Bill dt:2010-03-22   368.3BLAK MBA07802 05/23/2026 512.00 07/16/2021 Book
    Dewey Decimal Classification     MBA St Aloysius Institute of Management & Information Technology St Aloysius Institute of Management & Information Technology 03/26/2010 640.00 Bill no:357; Bill dt:2010-03-22   368.3BLAK MBA07803 05/23/2026 512.00 07/16/2021 Book